Zgadnij kraj po absurdalnej ciekawostce - Statystyki

Ogólne statystyki
  • Ten quiz został rozwiązany 27 razy
  • Średni wynik to 11 z 18
Statystyki odpowiedzi
Hint Odpowiedź % Poprawnych
... prowadziła kiedyś „wojnę” z emu… i przegrała. W 1932 roku żołnierze próbowali ograniczyć populację ptaków niszczących uprawy, ale emu okazały się szybsze i sprytniejsze niż oczekiwano. Australia
84%
W ... istnieje festiwal La Tomatina, gdzie tysiące ludzi rzucają się pomidorami bez żadnego logicznego powodu. Hiszpania
80%
... ma więcej automatów vendingowych niż wiele krajów sklepów osiedlowych. Można tam kupić nie tylko napoje, ale też parasole, jajka, a czasem nawet gorący ramen. Japonia
80%
... jest jednym z najsłabiej zaludnionych krajów świata — czasem możesz jechać godzinami i spotkać więcej koni niż ludzi. Mongolia
72%
... w niektórych miejscach zakazywały budowania zamków z piasku na plaży, bo utrudniały przechodzenie ratownikom. Włochy
72%
... ma więcej owiec niż ludzi — owce praktycznie stały się tam narodową ikoną. Nowa Zelandia
64%
... słynie z bardzo surowych przepisów — za jedzenie w metrze można dostać mandat, a sprzedaż gumy do żucia jest mocno ograniczona. Singapur
64%
W ... istnieje muzeum frytek. Belgia
60%
W ... niektórzy bogaci ludzie wynajmują „sobowtórów” do chodzenia na nudne spotkania biznesowe. Chiny
60%
W ... znajduje się „Wyspa Lalek”, gdzie na drzewach wiszą setki starych lalek. Miejsce miało być spokojne, ale wygląda jak plan horroru. Meksyk
60%
W ... znajduje się pustynia tak sucha, że niektóre miejsca nie widziały deszczu od setek lat. Chile
56%
W ... kiedyś pasował pingwina na rycerza. Pingwin Nils Olav ma nawet wojskowy stopień honorowy. Norwegia
56%
... ma ludzi mieszkających obok aktywnych wulkanów, bo gleba jest tam świetna pod uprawy. Indonezja
48%
... jest tak mały, że można go przejść pieszo w kilka godzin. Liechtenstein
48%
W ... policja kiedyś ostrzegała mieszkańców przed agresywną gęsią terroryzującą okolicę. Ludzie naprawdę zgłaszali „atakującego ptaka”. Kanada
44%
W ... żyje więcej świń niż mieszkańców. Dania
40%
W ... nie możesz mieć tylko jednej świnki morskiej - uznaje się to za niehumanitarne, bo to bardzo towarzyskie zwierzęta Szwajcaria
36%
W ... kawa była kiedyś tak ważna, że według dawnych zwyczajów mąż mógł mieć problemy, jeśli nie zapewniał żonie dostępu do kawy. Turcja
28%
Nie znaleziono quizów pasujących do podanych kryteriów
Rozkład punktacji
Procent ludzi z każdym wynikiem
Percentyl według liczby udzielonych odpowiedzi
Twoja historia wyników
Nie rozwiązałeś tego quizu